000 00284nam a22001337a 4500
008 180315b xxu||||| |||| 00| 0 eng d
020 _a0136070515
041 _aeng
080 _a78
100 _a45
101 _aMUZ
245 _aMusic improvisation
_cBailey,D
942 _2udc
_cBK
999 _c45069
_d45069